000
00283nam a22001097a 4500
082
_a
629.224 ENG'V
100
_a
VAUXHALL MOTOR
_9
76689
245
_a
ENGINE AND CLUTCH BEDFORD M-4X4 SERVICE TRAINING MANUAL
260
_a
ENGLAND
_b
VAUXHALL MOTOR
_c
1970
300
_a
107P
942
_c
BK
999
_c
582393
_d
582393